000
00212nam a2200109Ia 4500
942
_c
BK
245
_a
Environmental studies (2012-2013)
260
_b
#N/A
_c
2012
300
_a
74
546
_a
ENGLISH
999
_c
22719
_d
22719